|
|
|
|
| LEADER |
00699cam a2200205 a 4500 |
| 001 |
0000091526 |
| 005 |
20130424090000.0 |
| 007 |
aCommon |
| 040 |
0 |
0 |
|a MPAT Library
|
| 041 |
0 |
0 |
|a English
|
| 082 |
0 |
0 |
|a 355.00931 DAS 1970
|
| 090 |
0 |
0 |
|a 355.00931
|
| 100 |
0 |
|
|a DAS, Shiva Tosh.
|
| 245 |
0 |
3 |
|a An introduction to the art of war
|c by S. T. Das
|
| 260 |
|
|
|a New Delhi
|b Sagar Publications
|c 1970.
|
| 300 |
|
|
|a 447p.
|b 447. 21 cm.
|
| 650 |
0 |
0 |
|a Military
|x Art and science
|x Strategy
|
| 999 |
0 |
0 |
|a 200712418 (1000007370)
|
| 999 |
|
|
|a 1000003846
|b Maktab Pertahanan Angkatan Tentera
|d BOOKS
|e Umum
|f MPAT
|j AVAILABLE
|q GOOD CONDITION
|
| 999 |
|
|
|a B000019766
|b TUDM KUANTAN
|d BOOKS
|e Umum
|f TUDM Kuantan
|j AVAILABLE
|q GOOD CONDITION
|